000
00215nam a2200085Ia 4500
008
120527s9999 xx 000 0 und d
100
_a
TSENG,Wande.et al
245
_a
Economic reform in China: A new phase
942
_c
BK
999
_c
25320
_d
25320